00693nam a22001457a 450000500170000002000230001703700400004008200150008010000370009524501120013224600490024426000700029327001320036330000520049520100909105953.0 a8189355023c250.00 bपैन्सी बुक्स  a796.095456 aशर्मा, पी. के. aदिल्ली के राष्ट्रमण्डल खेल /cपी. के. शर्मा aDilli ke rashtramandal khelbby P. K. Sharma aदिल्ली bउर्जा प्रकाशनc2010  a1362, अप्पर मैज्जनाइन फ्लोर, कश्मीरी गेटbदिल्ली e110006 a160पृ.c22सेमी (सजिल्द)